Minecraft Quiz #3 - Biomy - Statystyki

Ogólne statystyki
  • Ten quiz został rozwiązany 262 razy
  • Średni wynik to 8 z 60
Statystyki odpowiedzi
Biomy % Poprawnych
Las
76%
Pustynia
73%
Ocean
56%
Dżungla
51%
Góry
47%
Tajga
44%
Sawanna
43%
Tundra
30%
Brzozowy Las
24%
Równiny
23%
Bagno
22%
Ciepły ocean
21%
Rzeka
20%
Zimny ocean
20%
Kres
17%
Plaża
17%
Głęboki ocean
14%
Grzybowa wyspa
14%
Spaczony las
12%
Badlandy
11%
Puszcza
10%
Szkarłatny las
10%
Las Świerkowy
9%
Zamarznięty ocean
8%
Dolina dusz
7%
Netherowe pustkowia
7%
Kwiecisty Las
6%
Mega Tajga
6%
Letni ocean
5%
Ośnieżona Tajga
5%
Wzgórza
5%
Żwirowe Góry
5%
Bazaltowe delty
4%
Płaskowyż
4%
Las bambusowy
3%
Skraj Dżungli
3%
Górzysta Tajga
2%
Kamienne Wybrzeże
2%
Łąka słonecznikowa
2%
Ośnieżona Plaża
2%
Pole zamarzniętych kolców
2%
Pustynne wzgórza
2%
Zalesione Góry
2%
Zamarznięta rzeka
2%
Brzeg grzybowej wyspy
1%
Brzozowe Wzgórza
1%
Ciepły głęboki ocean
1%
Górzysta Dżungla
1%
Górzysta Ośnieżona Tajga
1%
Górzyste Bagna
1%
Górzyste Równiny
1%
Górzysty Brzozowy Las
1%
Górzysty Skraj Dżungli
1%
Próżnia
1%
Wzgórza dębowej puszczy
1%
Zerodowane badlandy
1%
Górzyste Brzozowe Wzgórza
0%
Rozbita Sawanna
0%
Skraj Gór
0%
Zmodyfikowany Płaskowyż
0%
Nie znaleziono quizów pasujących do podanych kryteriów
Rozkład punktacji
Procent ludzi z każdym wynikiem
Percentyl według liczby udzielonych odpowiedzi
Twoja historia wyników
Nie rozwiązałeś tego quizu